00649nam a22001817a 450000500170000001000160001702000110003303700170004408200060006110000170006724500450008426000290012927000360015830000210019494200320021599900190024795202010026620170412152745.0 aBAC-EN21  c250.00 bKBD/Venadpl aS aLondon, Jack aSelected short stories /cby Jack London aNoidabMaple Pressc2010 aA-63, Sector-58,bNoidae201301 a664p.c22cm(pbk) 2ddccENmLONhSk343.540552 c138802d138802 001040708FICaAVbAVd2017-04-12eBPPD/EN/2014-15/AV/16-17/419/15.02.2017KBD/BL13/24.02.2017/17.03.217g250.00l1m2oS LONpB-667503r2024-04-05 00:00:00s2024-03-01t1v250.00w2017-04-12yEN